|
|
|
|
| LEADER |
00000nam0a2200000 4500 |
| 001 |
118944 |
| 005 |
20231101215514.0 |
| 035 |
|
|
|a (RuTPU)RU\TPU\book\128715
|
| 090 |
|
|
|a 118944
|
| 100 |
|
|
|a 20070620d1989 k y0rusy50 ca
|
| 101 |
0 |
|
|a rus
|
| 102 |
|
|
|a RU
|
| 105 |
|
|
|a y b 000zy
|
| 200 |
1 |
|
|a Шкурка шлифовальная и изделия из нее. 1991-1994
|e номенклатурный каталог
|f Министерство станкостроительной и инструментальной промышленности; сост. А. А. Жулев, П. В. Калинин, С. Н. Коновалова
|
| 210 |
|
|
|a Москва
|c ВНИИТЭМР
|d 1989
|
| 215 |
|
|
|a 52 с.
|
| 610 |
1 |
|
|a каталоги
|
| 610 |
1 |
|
|a шлифовальная шкурка
|
| 610 |
1 |
|
|a размеры
|
| 610 |
1 |
|
|a характеристики
|
| 610 |
1 |
|
|a марка
|
| 610 |
1 |
|
|a заводы-изготовители
|
| 610 |
1 |
|
|a ленты
|
| 610 |
1 |
|
|a изделия
|
| 610 |
1 |
|
|a диски
|
| 675 |
|
|
|a 621.9(085)
|v 3
|
| 702 |
|
1 |
|a Жулев
|b А. А.
|4 220
|
| 702 |
|
1 |
|a Калинин
|b П. В.
|4 220
|
| 702 |
|
1 |
|a Коновалова
|b С. Н.
|4 220
|
| 712 |
0 |
2 |
|a Министерство станкостроительной и инструментальной промышленности
|2 stltpush
|3 (RuTPU)RU\TPU\col\10084
|9 24792
|
| 801 |
|
1 |
|a RU
|b 63413507
|c 20070620
|g PSBO
|
| 942 |
|
|
|c BK
|